LEADER 01507nam0 22003253i 450 001 SUN0046889 005 20150427021906.722 010 $a88-16-40371-3 100 $a20060630d1995 |0itac50 ba 101 $aita 102 $aIT 105 $a|||| ||||| 200 1 $aAppunti su arti e lettere$fCarlo Dionisotti 210 $aMilano$cJaca book$d1995 215 $a172 p.$d23 cm. 410 1$1001SUN0004045$12001 $aDi fronte e attraverso$v371$1210 $aMilano$cJaca book. 606 $aArte italiana$xSec. 15.-16.$2FI$3SUNC008455 606 $aLetteratura e arte$xItalia$xSec. 15.-16.$2FI$3SUNC017454 620 $dMilano$3SUNL000284 676 $a850.9003$v21 700 1$aDionisotti$b, Carlo$f1908-1998$3SUNV063523$0134865 712 $aJaca book$3SUNV000040$4650 801 $aIT$bSOL$c20181109$gRICA 912 $aSUN0046889 950 $aBIBLIOTECA DEL DIPARTIMENTO DI ARCHITETTURA E DISEGNO INDUSTRIALE$d01 CONS IAa(89) $e01 1102 950 $aUFFICIO DI BIBLIOTECA DEL DIPARTIMENTO DI LETTERE E BENI CULTURALI$d07 CONS Kc 573 $e07 7419 995 $aBIBLIOTECA DEL DIPARTIMENTO DI ARCHITETTURA E DISEGNO INDUSTRIALE$bIT-CE0107$h1102$kCONS IAa(89)$op$qa 995 $aUFFICIO DI BIBLIOTECA DEL DIPARTIMENTO DI LETTERE E BENI CULTURALI$bIT-CE0103$h7419$kCONS Kc 573$oc$qa 996 $aAppunti su arti e lettere$9568094 997 $aUNICAMPANIA LEADER 04216nam 22009255 450 001 9910957241303321 005 20250814215314.0 010 $a9786613360861 010 $a9781283360869 010 $a1283360861 010 $a9780230355378 010 $a0230355374 024 7 $a10.1057/9780230355378 035 $a(CKB)2670000000127788 035 $a(EBL)815904 035 $a(OCoLC)767503004 035 $a(SSID)ssj0000629932 035 $a(PQKBManifestationID)11451785 035 $a(PQKBTitleCode)TC0000629932 035 $a(PQKBWorkID)10732624 035 $a(PQKB)11692145 035 $a(DE-He213)978-0-230-35537-8 035 $a(MiAaPQ)EBC815904 035 $a(PPN)227907140 035 $a(Perlego)3499693 035 $a(EXLCZ)992670000000127788 100 $a20151204d2012 u| 0 101 0 $aeng 135 $aur|n|---||||| 181 $ctxt 182 $cc 183 $acr 200 14$aThe Europeanization of Gender Equality Policies $eA Discursive-Sociological Approach /$fby Emanuela Lombardo, Maxime Forest 205 $a1st ed. 2012. 210 1$aLondon :$cPalgrave Macmillan UK :$cImprint: Palgrave Macmillan,$d2012. 215 $a1 online resource (263 p.) 225 1 $aGender and Politics,$x2662-5822 300 $aDescription based upon print version of record. 311 08$a9781349329533 311 08$a1349329533 311 08$a9780230284395 311 08$a0230284396 320 $aIncludes bibliographical references and index. 327 $aCover; Title; Copyright; Contents; List of Tables and Annex; List of Figures; List of Abbreviations; Acknowledgements; Foreword; Notes on Contributors; 1 The Europeanization of Gender Equality Policies: A Discursive-Sociological Approach; 2 'Going Soft'? Analysing the Contribution of Soft and Hard Measures in EU Gender Law and Policy; 3 Meanings and Uses of Europe in Making Policies against Domestic Violence in Central and Eastern Europe; 4 Changing French Reconciliation Policies and the Usages of Europe: Reluctant Europeanization? 327 $a5 Using the EU to Promote Gender Equality Policy in a Traditional Context: Reconciliation of Work and Family Life in Italy6 Comparing the Europeanization of Multiple Inequalities in Southern Europe: A Discursive-Institutionalist Analysis; 7 Swimming against the Tide: Contested Norms and Antidiscrimination Advocacy in Central and Eastern Europe; 8 Use of the Europeanization Frame in Same-Sex Partnership Issues across Europe; 9 Is Gender Equality Soluble into Self-Governance? Regionalizing and Europeanizing Gender Policies in Spain 327 $a10 Prospects and Challenges for Discursive-Sociological Studies of the Europeanization of Equality PoliciesIndex 330 $aA discursive-sociological approach to the Europeanization of gender and other equality policies. Using largely unpublished empirical data covering twenty-nine European countries this book adopts a pluralistic perspective to explore the complex and often divergent gender and other equality policy outputs of Europeanization. 410 0$aGender and Politics,$x2662-5822 606 $aPolitical science 606 $aPolitical sociology 606 $aEurope$xPolitics and government 606 $aSex 606 $aPublic administration 606 $aPolitical Science 606 $aPolitical Sociology 606 $aEuropean Politics 606 $aGender Studies 606 $aPublic Administration 615 0$aPolitical science. 615 0$aPolitical sociology. 615 0$aEurope$xPolitics and government. 615 0$aSex. 615 0$aPublic administration. 615 14$aPolitical Science. 615 24$aPolitical Sociology. 615 24$aEuropean Politics. 615 24$aGender Studies. 615 24$aPublic Administration. 676 $a305.42094 676 $a323.34094 676 $a344.2401/4133 701 $aLombardo$b Emanuela$01791300 701 $aForest$b Maxime$f1976-$016659 801 0$bMiAaPQ 801 1$bMiAaPQ 801 2$bMiAaPQ 906 $aBOOK 912 $a9910957241303321 996 $aThe Europeanization of Gender Equality Policies$94421483 997 $aUNINA